00344 2200145 4500001002100000005001500021035002000036245004800056100001800104300001100122260003100133082000800164084001400172990001200186INLIS00000000000230120250528084352 a0010-05250005931 a90 Menit Bersama Descartes /cPaul Stratern0 aPaul Stratern a69 hlm aJakarta :bErlangga,c2001 a100 a100 PAU s a0713088